Magisterské diplomové práce 2016

Bibliographic Details
Main Author: Stankoci, Stanislav, 1959- (Author)
Other Authors: Hučko Pašteková, Michaela, 1982- (Editor), Beňo, Tomáš (Translator), Riečanská, Eva (Translator)
Format: Book
Language:Slovak
English
PhysicalDescription:92 nečíslovaných strán farebné fotografie 15 x 21 cm
Published: Bratislava Vysoká škola výtvarných umení v Bratislave 2016
ISBN:9788081890017 (brožované)
Edition:1. vydanie
Subjects:

MARC

LEADER 00000cam a2200000 4500
001 vtls011746181
003 SK-MaSNL
005 20260425223945.0
008 251104s2016 xo o g c 000 0dslo
015 |a SNBE2018 
020 |a 9788081890017 (brožované) 
040 |a SNK  |b slo  |c SNK  |e rda 
041 0 |a slo  |a eng 
043 |a e-xo--- 
044 |a xo  |c SK 
072 7 |a 72/76  |x Výtvarné umenie  |2 konspekt 
080 |a 378.6:7  |2 2011 
080 |a 378.2  |2 2011 
080 |a 72/76(437.6)  |2 2011 
080 |a (437.611)  |2 2011 
080 |a (083.824)  |2 2011 
080 |a 371.279.8  |2 2011 
080 |a 7.036/.038  |2 2011 
100 1 |a Stankoci, Stanislav,  |d 1959-  |4 aut  |9 103829 
245 1 0 |a Magisterské diplomové práce 2016  |c editorka Michaela Pašteková ; texty Stanislav Stankoci ; preklad Tomáš Beňo (príhovor), Eva Riečanská 
246 3 1 |a Master diploma works 2016 
250 |a 1. vydanie 
264 1 |a Bratislava  |b Vysoká škola výtvarných umení v Bratislave  |c 2016 
300 |a 92 nečíslovaných strán  |b farebné fotografie  |c 15 x 21 cm 
336 |a text  |b txt  |2 rdacontent 
337 |a bez média  |b n  |2 rdamedia 
338 |a zväzok  |b nc  |2 rdacarrier 
366 |e 1000 kusov 
500 |a Názov z obalu 
546 |a Súbežný text anglicky 
610 2 7 |a Vysoká škola výtvarných umení v Bratislave  |2 SNKKA  |9 32793 
648 7 |a 2016  |2 SNKPH  |9 339798 
650 0 7 |a vysoké školy umelecké  |2 SNKPH  |9 69226 
650 0 7 |a diplomové práce  |2 SNKPH  |9 3505 
650 0 7 |a Art academies  |2 SNKPHeng  |9 323301 
650 0 7 |a absolventské práce  |2 SNKPH  |9 98749 
650 0 7 |a slovenské výtvarné umenie  |2 SNKPH  |9 68597 
650 0 7 |a moderné umenie  |2 SNKPH  |9 68456 
650 0 7 |a Graduate works  |2 SNKPHeng  |9 312373 
650 0 7 |a Master's theses  |2 SNKPHeng  |9 319180 
650 0 7 |a Slovak art  |2 SNKPHeng  |9 275442 
650 0 7 |a Modern art  |2 SNKPHeng  |9 294689 
651 7 |a Bratislava (Slovensko)  |2 SNKPH  |9 14568 
651 7 |a Bratislava (Slovakia)  |2 SNKPHeng  |9 171234 
655 7 |a katalógy výstav  |2 SNKPH  |9 70445 
655 7 |a Exhibition catalogs  |2 SNKPHeng  |9 266232 
700 1 |a Hučko Pašteková, Michaela,  |d 1982-  |4 edt  |9 249331 
700 1 |a Beňo, Tomáš  |4 trl  |9 355369 
700 1 |a Riečanská, Eva  |4 trl  |9 355370 
852 |a Štátna vedecká knižnica v Banskej Bystrici 
919 |a 978-80-8189-001-7 
999 |c 600331  |d 602261 
952 |a SNK  |b SNK  |y PREZ  |7 0  |p 17A1336461  |o snkOSE 5310  |i snk2018/19030  |8 0  |0 0  |1 0  |4 0  |d 2018-09-19  |l 0  |r 2026-02-23 15:52:17  |w 2026-02-23 
952 |a SNK  |b SNK  |y VYP  |7 0  |p 17A1336462  |o snkOSE 5310 D1  |i snk2018/19031  |8 0  |0 0  |1 0  |4 0  |d 2018-09-19  |l 0  |r 2026-02-23 15:52:17  |w 2026-02-23